Informačná bezpečnosť - nové výzvy a riešenia

Faktory ovplyvňujúce súčasnú bezpečnostnú situáciu. Informačná vojna ako nová forma vojny na riešenie konfliktov. Nový fenomén hacking. Charakteristika hackera - útočníka. Skutočné príklady prelomenia informačných systémov vládnych inštitúcií. Výzvy pre informačnú bezpečnosť. Súťaž v simulácii infor...

Ausführliche Beschreibung

Gespeichert in:
Bibliographische Detailangaben
1. Verfasser: Hlaváč, Július
Format: Buchkapitel
Sprache:Slowakisch
Schlagworte:
Tags: Tag hinzufügen
Keine Tags, Fügen Sie das erste Tag hinzu!

MARC

LEADER 00000nla$a2200000$$$4500
001 0047351
005 20240502071539.7
041 0 |a slo 
044 |a SK 
245 1 0 |a Informačná bezpečnosť - nové výzvy a riešenia  |c Július Hlaváč 
520 |a Faktory ovplyvňujúce súčasnú bezpečnostnú situáciu. Informačná vojna ako nová forma vojny na riešenie konfliktov. Nový fenomén hacking. Charakteristika hackera - útočníka. Skutočné príklady prelomenia informačných systémov vládnych inštitúcií. Výzvy pre informačnú bezpečnosť. Súťaž v simulácii informačného útoku ako možné riešenie na odhalenie bezpečnostnej diery a riešenie bezpečnosti informačného systému. 
610 2 0 |a technológie informačné 
610 2 0 |a systémy informačné 
610 2 0 |a bezpečnosť informačná 
610 2 0 |a konflikty 
610 2 0 |a vojny 
610 2 0 |a súťaže 
610 2 0 |a komunikácia 
100 1 |a Hlaváč, Július